000 00451nab a2200145Ia 4500
003 ES-SlBCS
005 20210601125229.0
008 140529s1971 xxu||||| |||| 00| 0 eng d
041 _aeng
100 1 _aGuleserian, Theodore
_9155692
245 0 0 _aFactual Necessity and the Libertarian
_c Theodore Guleserian
650 0 4 _aNecesidad
_9132477
773 0 _tPhilosophy and Phenomenological Research
_gvol. 32, 1971, págs. 188-204
_wRev1411
942 _cAR
999 _c526884
_d526884